KOHA-Header-6

Introduction to Information Systems (International Student Version) (Record no. 244)

000 -LEADER
fixed length control field 00359nam a2200121Ia 4500
008 - FIXED-LENGTH DATA ELEMENTS--GENERAL INFORMATION
fixed length control field 190722s9999 xx 000 0 und d
020 ## - INTERNATIONAL STANDARD BOOK NUMBER
International Standard Book Number 978-81-265-5400-3
100 ## - MAIN ENTRY--PERSONAL NAME
Personal name Rainer ,Cegielski
245 #0 - TITLE STATEMENT
Title Introduction to Information Systems (International Student Version)
260 ## - PUBLICATION, DISTRIBUTION, ETC. (IMPRINT)
Place of publication, distribution, etc New Delhi
Name of publisher, distributor, etc John Wiley & Sons.Inc. (India)
Date of publication, distribution, etc 2016
300 ## - PHYSICAL DESCRIPTION
Extent 466
942 ## - ADDED ENTRY ELEMENTS (KOHA)
Koha item type Books
Holdings
Withdrawn status Lost status Damaged status Not for loan Collection code Permanent Location Current Location Shelving location Date acquired Full call number Barcode Date last seen Price effective from Koha item type
        Management MAJU MAJU   2019-07-22 658.403 6870 2019-07-22 2019-07-22 Management

Powered by Koha